000 00473nam a22001817a 4500
999 _c3888
_d3888
003 GBCCL
005 20241126110506.0
008 171215b xxu||||| |||| 00| 0 eng d
020 _a3906589099
040 _cgbc
082 _a242
_bLAC
100 _aLack, Rudi
_97635
245 _aSignposts in Life /
_cRudi Lack
260 _aSwitzerland:
_bGLIFA (Good Literature for All),
_c2002
300 _a202 p.;
_c20 cm.
650 _aDevotional literature
_9489
942 _2ddc
_cBK